Central Library OPAC University of Rajshahi

The world's great lakes / (Record no. 72977)

MARC details
000 -LEADER
fixed length control field 00611nam a2200217 4500
001 - CONTROL NUMBER
control field 72977
003 - CONTROL NUMBER IDENTIFIER
rucl marc code BD-RjUL
005 - DATE AND TIME OF LATEST TRANSACTION
control field 20211209082332.0
008 - FIXED-LENGTH DATA ELEMENTS--GENERAL INFORMATION
fixed length control field 170525s1952 nyuba 000 0 eng d
035 ## - SYSTEM CONTROL NUMBER
System control number (BD-RjUL)73195
040 ## - CATALOGING SOURCE
Original cataloging agency DLC
Transcribing agency DLC
Modifying agency DLC
Language of cataloging eng
041 ## - LANGUAGE CODE
Language code of text/sound track or separate title eng
082 00 - DEWEY DECIMAL CLASSIFICATION NUMBER
Classification number 551.482
Edition number 23
Author mark and year LAW 1952
100 1# - MAIN ENTRY--PERSONAL NAME
Personal name Lane, Ferdinand C.
Fuller form of name (Ferdinand Cole),
Dates associated with a name 1885-
9 (RLIN) 215841
245 14 - TITLE STATEMENT
Title The world's great lakes /
Statement of responsibility, etc. Ferdinand C. Lane.
250 ## - EDITION STATEMENT
Edition statement [1st ed.
260 ## - PUBLICATION, DISTRIBUTION, ETC. (IMPRINT)
Place of publication, distribution, etc. Garden City, N.Y. :
Name of publisher, distributor, etc. Doubleday,
Date of publication, distribution, etc. 1952
300 ## - PHYSICAL DESCRIPTION
Pagination xvi, 254 p. :
Illustrations ill. ;
Size 23 cm.
650 #0 - SUBJECT ADDED ENTRY--TOPICAL TERM
Topical term or geographic name as entry element Lakes.
9 (RLIN) 213831
942 ## - ADDED ENTRY ELEMENTS (KOHA)
Source of classification or shelving scheme Dewey Decimal Classification
Koha item type Books
Holdings
Lost status Source of classification or shelving scheme Damaged status Not for loan Collection code Permanent Location Current Location Shelving location Date acquired Source of acquisition Cost, normal purchase price Total Checkouts Full call number Date last seen Copy number Koha item type
  Dewey Decimal Classification     Non-fiction Central Library, University of Rajshahi Central Library, University of Rajshahi Reading Room 09/12/1955 Publisher ltd. 19.40   551.482 LAW 1952 25/05/2017 C-1 Books